|
|
|
|
| LEADER |
00000nam a2200000 i 4500 |
| 001 |
DIGUCCH0038 |
| 003 |
NyNyDIG |
| 006 |
m o d |
| 008 |
200506s2012 cl ob 000 0 spa d |
| 007 |
cr ||||||||||| |
| 035 |
|
|
|a (OCoLC)994812683
|
| 040 |
|
|
|a DGITA
|b eng
|e rda
|e pn
|c DGITA
|
| 020 |
|
|
|a 9789561414297
|q eBook
|
| 020 |
|
|
|a 9561414295
|q eBook
|
| 020 |
|
|
|z 9789561412613
|
| 020 |
|
|
|z 9561412616
|
| 050 |
1 |
4 |
|a PN56.S87 ebook
|
| 082 |
0 |
4 |
|a 809.91163
|
| 100 |
1 |
|
|a Rojas, Waldo,
|d 1944-
|e author.
|
| 245 |
1 |
0 |
|a Cronología del movimiento surrealista :
|b síntesis comentada /
|c Waldo Rojas.
|
| 264 |
|
1 |
|a Santiago, Chile :
|b Ediciones Universidad Católica de Chile,
|c [2012]
|
| 300 |
|
|
|a 1 online resource.
|
| 336 |
|
|
|a text
|b txt
|2 rdacontent
|
| 337 |
|
|
|a computer
|b c
|2 rdamedia
|
| 338 |
|
|
|a online resource
|b cr
|2 rdacarrier
|
| 504 |
|
|
|a Includes bibliographical references.
|
| 588 |
0 |
|
|a Online resource; title from ePub title page (Digitalia, viewed May 6, 2020)
|
| 650 |
|
0 |
|a Surrealism (Literature)
|
| 650 |
|
0 |
|a Literature, Modern
|y 20th century
|x History and criticism.
|
| 655 |
|
0 |
|a Electronic books.
|
| 791 |
2 |
|
|a Digitalia (Firm),
|e distributor.
|
| 793 |
0 |
|
|g Digitalia eBook Collection:
|a Universidad Católica de Chile
|
| 776 |
0 |
8 |
|i Print version:
|a Rojas, Waldo, 1944-
|t Cronología del movimiento surrealista.
|b Primera edición.
|d Santiago, Chile : Ediciones Universidad Católica de Chile, 2012
|z 9789561412613
|w (OCoLC)999384448
|
| 856 |
4 |
0 |
|3 Digitalia Hispánica
|u https://www.digitaliapublishing.com/a/38224/
|
| 910 |
|
|
|a Premium collection: 2020
|